| 000 | 00461nam a2200145Ia 4500 | ||
|---|---|---|---|
| 008 | 210430s9999 xx 000 0 und d | ||
| 020 | _a9690005103 (hardcover) | 97896 | ||
| 082 | _a491.423 F345 E | ||
| 100 |
_aFerozsons. _953753 |
||
| 245 |
_aEnglish to english urdu dictionary / _cFerozsons. |
||
| 260 |
_aLahore _bFeroz Sons, _c1988 |
||
| 300 | _a1124 p. ; | ||
| 856 | _uhttp://www.amazon.com/exec/obidos/ASIN/9690005103/chopaconline-20 | ||
| 942 |
_cBK _2ddc |
||
| 999 |
_c563934 _d563934 |
||